| 000 | 01272nam a2200229Ia 4500 | ||
|---|---|---|---|
| 001 | L240-12740 | ||
| 003 | IT-CnALBA | ||
| 008 | 170116s9999||||xx |||||||||||||| ||und|| | ||
| 040 |
_aIT-CnALBA _cIT-CnALBA |
||
| 041 | _aITALIANO | ||
| 100 | _aDÈ LIGUORI M. ALFONSO, SANTO, DOTTORE. | ||
| 245 | 0 | _aLA MESSA E L'OFFICIO OVVERO AVVERTIMENTI AI SACERDOTI. | |
| 250 | _a1a ed. | ||
| 260 |
_a TO _bORATORIO TIPOG. S. FRANC. DI SALES _c1872 [1° Ed.:1872 - Ed.Ling.Originale: 1872] |
||
| 300 | _a129 p. (prefazione: 3) | ||
| 500 | _aPREPARAZIONE ALLA CELEBRAZIONE. RIVERENZA NELLA CELEBRAZIONE. RINGRAZIAMENTO. MESSA DOMENICALE. MEMENTO DEI VIVI E DEI DEFUNTI. CELEBRAZIONE DELLA MESSA SETTIMANALE. OFFICIO. PREGHIERA PRIMA DELLA MESSA. LE INTENZIONI NELLA MESSA. MESSE MARIANE. PASSIONE | ||
| 501 | _aSocietà San Paolo EM - Piazza San Paolo, 14 - 12051 ALBA (CN) (non commercial uses only) ® Copyright 2017 | ||
| 520 | _aPREPARAZIONE ALLA CELEBRAZIONE. RIVERENZA NELLA CELEBRAZIONE. RINGRAZIAMENTO. MESSA DOMENICALE. MEMENTO DEI VIVI E DEI DEFUNTI. CELEBRAZIONE DELLA MESSA SETTIMANALE. OFFICIO. PREGHIERA PRIMA DELLA MESSA. LE INTENZIONI NELLA MESSA. MESSE MARIANE. PASSIONE | ||
| 650 | _aTEOLOGIA SPIRITUALE CRISTIANA | ||
| 942 | _cBK | ||
| 957 | _71 | ||
| 999 |
_a17493 _bSI _g Copie: 1 _c271916 _d271916 |
||